एकविसाव्या शतकातील भारतः उन्माद आणि आव्हाने / (Record no. 22342)

MARC details
000 -LEADER
fixed length control field 01199nam a22002417a 4500
008 - FIXED-LENGTH DATA ELEMENTS--GENERAL INFORMATION
fixed length control field 081007t xxu||||| |||| 00| 0 mar
010 ## - LCCN (DPL NO)
LC control number MAR-20030
020 ## - INTERNATIONAL STANDARD BOOK NUMBER
Terms of availability 50.00
International Standard Book Number 9788190794435
035 ## - SYSTEM CONTROL NUMBER
System control number MR-12688
037 ## - SOURCE OF ACQUISITION
Source of stock number/acquisition DBAD / PUB
040 ## - CATALOGING SOURCE
Original cataloging agency dpl
Language of cataloging MR
082 ## - DEWEY DECIMAL CLASSIFICATION NUMBER
Classification number 338.954
100 ## - MAIN ENTRY--PERSONAL NAME
Personal name तेलतुंबडे, आनंद
245 ## - TITLE STATEMENT
Title एकविसाव्या शतकातील भारतः उन्माद आणि आव्हाने /
Statement of responsibility, etc आनंद तेलतुंबडे
246 ## - VARYING FORM OF TITLE
Title proper/short title Ekvisavya Shatakatil Bharat:Unmad ani Avhane
Remainder of title by Anand Teltumbade
260 ## - PUBLICATION, DISTRIBUTION, ETC. (IMPRINT)
Place of publication, distribution, etc मुम्बई
Name of publisher, distributor, etc लोकवाड्.मय गृह
Date of publication, distribution, etc 2008
270 ## - ADDRESS
Address 85, सयानी रोड़ प्रभादेवी
City मुम्बई
Postal code 400025
300 ## - PHYSICAL DESCRIPTION
Extent 63 पृ
Dimensions 22सेमी (अजिल्द)
650 ## - SUBJECT ADDED ENTRY--TOPICAL TERM
Topical term or geographic name as entry element आर्थिक विकास-भारत
650 ## - SUBJECT ADDED ENTRY--TOPICAL TERM
Topical term or geographic name as entry element economic Development-India
942 ## - ADDED ENTRY ELEMENTS (KOHA)
Source of classification or shelving scheme Dewey Decimal Classification
Item type Marathi Books
Call number suffix तेलतुं
Holdings
Withdrawn status Lost status Source of classification or shelving scheme Damaged status Not for loan Collection code Home library Current library Date acquired Source of acquisition Cost, normal purchase price Total Checkouts Full call number Barcode Date last seen Copy number Cost, replacement price Koha item type
    Dewey Decimal Classification   Not For Loan Non-fiction D.B.Act.Division D.B.Act.Division 25/03/2009 DBAD / PUB 50.00   338.954 तेलतुं MR-12688 25/03/2009 1 50.00 Marathi Books

© Delhi Public Library
Hit Counter
free hit counter